Текст томруулах:    
Political economy and the changing global order (Бичлэгийн дугаар. 146778)
000 -УДИРДЛАГА
Удирдлага 00710nam a22002537a 4500
003 - ХЯНАЛТЫН ТОО ТОДОРХОЙЛОГЧ
Код MN-UlNUM
005 - БИЧИЛТ ХИЙСЭН ОГНОО
Тухайн бичилтийг бичсэн засварласан сүүлийн огноо 20260331183444.0
008 - ЕРӨНХИЙ МЭДЭЭЛЭЛ
Ерөнхий мэдээлэл 260331s1994 nyua b 001 0 eng d
020 ## - ISBN
ISBN 0312121962
-- 0312121970
040 ## - БИЧЛЭГ ҮҮСГЭГЧ БАЙГУУЛЛАГА
Бичлэг үүсгэгч номын сангийн код МУИС-ийн номын сан
084 ## - ББК АНГИЛАЛ
Нэмэлт тусгалт Нэг сэдэвт бүтээл
ББК ангилал 65.5
Зохиогчийн гурван тэмдэгт P 80
Мэдлэгийн ялгаа 65 - Эдийн засаг
245 ## - ҮНДСЭН ГАРЧИГ
Номын нэр Political economy and the changing global order
260 ## - ГАРАЛТЫН МЭДЭЭ
Хэвлэгдсэн газар New York
Хэвлэлийн газар St. Martin's Press
Хэвлэгдсэн он 1994
300 ## - МАТЕРИАЛЫН ТОДОРХОЙЛОЛТ
хуудасны тоо 553 p. :
Бусад тоон мэдээлэл ill. ;
Хэмжээ 24 cm
500 ## - Тайлбар
Дансны дугаар БС 4395
546 ## - ХЭЛНИЙ ТУХАЙ МЭДЭЭ
Хэл Англи хэл дээр,
653 ## - Түлхүүр үг
Түлхүүр үг world politics
653 ## - Түлхүүр үг
Түлхүүр үг economic history
700 ## - ХАМ ЗОХИОГЧИД
Ба бус Stubbs, Richard
700 ## - ХАМ ЗОХИОГЧИД
Ба бус Underhill, Geoffrey R. D
942 ## - ЭЛЕМЕНТИЙН ТӨРӨЛ
Зүйлийн төрөл Ном